Statistics for Jerry Seinfeld's girlfriends

Click here to take the quiz!

General Stats

  • This quiz has been taken 54 times
  • The average score is 4 of 15

Answer Stats

TV ShowAnswer% Correct
FriendsCourtney Cox
81%
Desperate Housewives, Lois & ClarkTeri Hatcher
74%
VeepJulia Louis-Dreyfus
72%
Will & GraceDebra Messing
47%
FrasierJane Leeves
40%
Desperate HousewivesMarcia Cross
28%
Gilmore GirlsLauren Graham
26%
Sex and the CityKristin Davis
21%
Law & Order: Special Victims UnitMariska Hargitay
21%
Breaking BadAnna Gunn
14%
The O.CMelinda Clarke
7%
SNL, The West WingJaneane Garofalo
2%
2 Broke GirlsJennifer Collidge
2%
The L Word, The West WingMarlee Matlin
2%
Teen Wolf, The Vampire DiariesSusan Walters
0%

Score Distribution

Percentile by Number Answered

Percent of People with Each Score

Your Score History

You have not taken this quiz